000 00859cam a2200277Ma 4500
001 47365
005 20230411085958.0
008 870709s1981 dr a 000 0bspa d
035 _a(OCoLC)ocm16616028
040 _aNYP
_cNYP
_dFUG
_dOCL
_dOCLCQ
019 _a10067403
035 _a(OCoLC)16616028
_z(OCoLC)10067403
043 _anwdr---
090 _aF1938.58.P41
_bS231p 1981
049 _aGRAL
100 1 _aSantana, Osvaldo,
_d1950-
245 1 0 _aPeña Gómez :
_bsus origenes /
_cOsvaldo Santana.
260 _aSanto Domingo, R.D. :
_bEditora El Nuevo Diario,
_c1981.
300 _a77 p. :
_bill. ;
_c27 cm.
600 1 0 _aPeña Gómez, José Francisco.
651 0 _aDominican Republic
_xPolitics and government
_y1961-
650 0 _aPoliticians
_zDominican Republic
_vBiography.
942 _2lcc
_cbk
946 _aclperez
994 _aC0
_bDRFGD
999 _c110390
_d110390